000 01298nam a2200337 i 4500
001 175629
003 ES-MaACL
005 20250830111235.0
007 t|
008 101112s1975 sp r ||||1| spa d
017 _aM 26321-1975
_bOficina Depósito Legal Madrid
020 _a84-220-0724-4
080 _a348.17
110 2 _aIglesia Católica
_eisb
_94639
240 1 0 _aCodex juris canonici, 1917
_lEspañol-Latín
_9241667
245 1 0 _aCódigo de derecho canónico /
_cversión castellana anotada por Lorenzo Miguélez Domínguez, Sabino Alonso Moran, O.P. y Marcelino Cabreros de Anta, C.M.F.
260 _aMadrid :
_bLa Editorial Católica,
_c1975
300 _aXXXII, 648 páginas ;
_c18 cm
490 1 _aBiblioteca de autores cristianos.
_pMinor ;
_v39
_9189814
500 _aÍndices
650 7 _aDerecho canónico
_2embne
_911655
655 0 _aLegislación
_9226283
700 1 _aMiguélez Domínguez, Lorenzo
_eann
_981048
700 1 _aAlonso Morán, Sabino,
_d1890-
_eann
_920365
700 1 _aCabreros de Anta, Marcelino
_eann
_933327
830 0 _aBiblioteca de autores cristianos.
_pMinor ;
_v39
_9189814
852 _aES-MaACL
_cDEPO2
_dOlim P-1255
_jE-13506
942 _2udc
_cMONOGRAFIA
_n0
999 _c175629
_d175629